Statistiche per Capitali in Quadrati Casuali della Mappa del Mondo

Clicka qui per fare il quiz!

Statistiche generali

  • Questo quiz è stato fatto 538 volte
  • Il punteggio medio è 11 su 15

Risposte nella Mappa

Le risposte nella mappa del quiz sottostante sono codificate secondo una scala di colori dal rosso al verde in base alla % di persone che hanno risposto correttamente.
 

Statistiche sulle risposte

Box% Corretto
Dublino | Londra | Amsterdam | Oslo
99%
Lisbona | Madrid | Andorra la Vella | Parigi | Lussemburgo | Bruxelles | Berna | Vaduz | Monaco
99%
Roma | Città del Vaticano | San Marino | Atene | Belgrado | Bratislava | Vienna | Lubiana | Chișinău | Kiev | Bucarest | Skopje | Podgorica | Pristina | Budapest | Praga | Zagabria | Sofia | Sarajevo | Tirana
97%
Tokyo
97%
Pechino | Pyongyang | Seul
96%
Stoccolma | Helsinki | Tallinn | Riga | Vilnius | Minsk | Varsavia | Berlino | Copenaghen
96%
San José | Panama | Bogotà | Quito
94%
La Valletta | Tripoli
93%
Nicosia | Il Cairo | Beirut | Gerusalemme | Amman | Damasco | Baghdad | Kuwait | Riyād | Manama
93%
San Salvador | Belmopan | Tegucigalpa | Managua | Kingston | L'Avana | Port-au-Prince | Santo Domingo
93%
Città del Messico | Città del Guatemala | San Salvador
92%
Rabat | Tunisi | Algeri
92%
Washington | Ottawa
91%
Buenos Aires | Montevideo
90%
Mosca
89%
Santiago
89%
Islamabad | Nuova Delhi | Kathmandu | Thimphu
85%
Lima
85%
Città del Capo | Maseru
84%
Hanoi | Vientiane | Bangkok | Naypyidaw | Phnom Penh
84%
Brasília
83%
Kiev | Ankara | Tbilisi | Erevan | Baku
83%
Addis Abeba | Nairobi | Giuba | Mogadiscio | Kampala
81%
Singapore | Kuala Lumpur
81%
Caracas | Georgetown | Paramaribo | Port of Spain
79%
Reykjavík
79%
Canberra
78%
Manila
78%
Harare | Mbabane | Maputo | Antananarivo
77%
Giacarta
75%
Yamoussoukro | Accra | Porto-Novo | Cotonou | Lomé | Libreville | São Tomé | Malabo | Abuja
75%
Teheran | Doha | Abu Dhabi | Kabul
74%
Wellington
72%
Praia | Banjul | Nouakchott | Bissau | Dakar
71%
Ulan Bator
71%
Reykjavík
70%
La Paz | Sucre | Asunción
69%
Taipei | Seul
69%
Windhoek | Pretoria | Bloemfontein | Maseru | Mbabane | Gaborone | Harare
68%
Sana'a | Gibuti | Asmara | Khartum
67%
Abu Dhabi | Mascate
64%
Dacca
64%
Kinshasa | Brazzaville | Luanda | Gitega | Lusaka
63%
Caracas | Kingstown | Castries | Basseterre | Saint George's | Roseau | Bridgetown | Saint John's
62%
Sri Jayawardenepura Kotte | Malé
62%
Niamey | Bamako | Ouagadougou
61%
Conakry | Monrovia | Freetown
55%
Nassau
55%
Dušanbe | Ashgabat | Tashkent
53%
Port Moresby
53%
Dili
52%
Kigali | Bangui | Yaoundé
52%
N'Djamena
52%
Victoria
50%
Funafuti | Apia
48%
Bandar Seri Begawan
44%
Port Louis
43%
Yaren | Palikir
43%
Astana | Bishkek
41%
Dodoma | Lilongwe | Moroni
41%
Honiara
36%
Nukuʻalofa | Suva
34%
Ngerulmud
30%
Sud Tarawa | Majuro
28%
Port Vila
26%

Distribuzione punteggi

Percentile per numero di risposta

Percentuale di utenti per punteggio

I tuoi punteggi nel tempo

Non hai fatto questo quiz